A course in modern analysis and its applications / (Record no. 8687)

MARC details
000 -LEADER
fixed length control field 01409cam a2200349 a 4500
001 - CONTROL NUMBER
control field 13309424
003 - CONTROL NUMBER IDENTIFIER
control field OSt
005 - DATE AND TIME OF LATEST TRANSACTION
control field 20240621110507.0
008 - FIXED-LENGTH DATA ELEMENTS--GENERAL INFORMATION
fixed length control field 030812s2003 enka b 001 0 eng
010 ## - LIBRARY OF CONGRESS CONTROL NUMBER
LC control number 2003273215
015 ## - NATIONAL BIBLIOGRAPHY NUMBER
National bibliography number GBA3-Z7092
020 ## - INTERNATIONAL STANDARD BOOK NUMBER
International Standard Book Number 0521819962
020 ## - INTERNATIONAL STANDARD BOOK NUMBER
International Standard Book Number 0521526272 (PBK.)
035 ## - SYSTEM CONTROL NUMBER
System control number (OCoLC)ocm51271707
040 ## - CATALOGING SOURCE
Original cataloging agency UKM
Transcribing agency must
Modifying agency C#P
-- DLC
042 ## - AUTHENTICATION CODE
Authentication code lccopycat
050 00 - LIBRARY OF CONGRESS CALL NUMBER
Classification number QA300
Item number .C614 2003
082 00 - DEWEY DECIMAL CLASSIFICATION NUMBER
Classification number 515 COH 2003
Edition number 22
100 1# - MAIN ENTRY--PERSONAL NAME
Personal name Cohen, Graeme Laurence.
9 (RLIN) 17559
245 12 - TITLE STATEMENT
Title A course in modern analysis and its applications /
Statement of responsibility, etc. Graeme L. Cohen.
260 ## - PUBLICATION, DISTRIBUTION, ETC. (IMPRINT)
Place of publication, distribution, etc. Cambridge ;
-- New York :
Name of publisher, distributor, etc. Cambridge University Press,
Date of publication, distribution, etc. 2003.
300 ## - PHYSICAL DESCRIPTION
Extent xiii, 333 p. :
Other physical details ill. ;
Dimensions 23 cm.
440 #0 - SERIES STATEMENT/ADDED ENTRY--TITLE
Title Australian Mathematical Society lecture series ;
Volume/sequential designation 17
9 (RLIN) 17009
504 ## - BIBLIOGRAPHY, ETC. NOTE
Bibliography, etc Includes bibliographical references (p. 309-311) and index.
650 #0 - SUBJECT ADDED ENTRY--TOPICAL TERM
Topical term or geographic name as entry element Mathematical analysis.
9 (RLIN) 2757
856 41 - ELECTRONIC LOCATION AND ACCESS
Materials specified Sample text
Uniform Resource Identifier <a href="http://www.loc.gov/catdir/samples/cam034/2003273215.html">http://www.loc.gov/catdir/samples/cam034/2003273215.html</a>
856 42 - ELECTRONIC LOCATION AND ACCESS
Materials specified Publisher description
Uniform Resource Identifier <a href="http://www.loc.gov/catdir/description/cam032/2003273215.html">http://www.loc.gov/catdir/description/cam032/2003273215.html</a>
856 41 - ELECTRONIC LOCATION AND ACCESS
Materials specified Table of contents
Uniform Resource Identifier <a href="http://www.loc.gov/catdir/toc/cam032/2003273215.html">http://www.loc.gov/catdir/toc/cam032/2003273215.html</a>
906 ## - LOCAL DATA ELEMENT F, LDF (RLIN)
a 7
b cbc
c copycat
d 3
e ncip
f 20
g y-gencatlg
942 ## - ADDED ENTRY ELEMENTS (KOHA)
Source of classification or shelving scheme Dewey Decimal Classification
Koha item type Open Shelf
Holdings
Withdrawn status Lost status Source of classification or shelving scheme Damaged status Not for loan Home library Current library Date acquired Inventory number Total Checkouts Full call number Barcode Date last seen Price effective from Koha item type
    Dewey Decimal Classification     MUST Main Library MUST Main Library 21/06/2024 04/22023   515 COH 2003 2024-20978 21/06/2024 21/06/2024 Open Shelf